[Event "23rd ch-EUR Indiv w 2023"]
[Site "Petrovac MNE"]
[Date "2023.11.11"]
[Round "11.25"]
[White "Fataliyeva, Ulviyya"]
[Black "Chelushkina, Irina"]
[Result "1-0"]
[WhiteElo "2427"]
[BlackElo "2207"]

1. Nf3 c5 2. c4 Nc6 3. e3 e6 4. b3 Nf6 5. Bb2 Be7 6. Nc3 a6 7. Be2 O-O 8.
a3 d5 9. cxd5 Nxd5 10. Qc2 Nxc3 11. Bxc3 b5 12. Qe4 Qd5 13. Qxd5 exd5 14.
d4 c4 15. bxc4 bxc4 16. Nd2 Be6 17. O-O Rab8 18. Rfd1 f5 19. Nxc4 Rb3 20.
Rac1 Rc8 21. Be1 f4 22. a4 Nb4 23. Ne5 fxe3 24. Rxc8+ Bxc8 25. fxe3 Bg5 26.
Bd2 g6 27. Rc1 Bf5 28. Kf2 Nc2 29. Bf3 Nxe3 30. Bxd5+ Nxd5 31. Bxg5 Nc3 32.
Bh6 g5 33. g4 Be6 34. Ke1 a5 35. Bxg5 h5 36. gxh5 Bf5 37. Nc6 Nd5 38. Rc5
Rb1+ 39. Kd2 Rb2+ 40. Kd1 Rb1+ 41. Bc1 Be4 42. Rxd5 Bxd5 43. Ne7+ Kf7 44.
Nxd5 Rb3 45. Kc2 Rh3 46. Bf4 Rxh5 47. Nb6 Rf5 48. Bg3 Rf3 49. d5 1-0

[Event "23rd ch-EUR Indiv w 2023"]
[Site "Petrovac MNE"]
[Date "2023.11.11"]
[Round "11.26"]
[White "Zhukova, Natalia"]
[Black "Lehaci, Miruna-Daria"]
[Result "1-0"]
[WhiteElo "2322"]
[BlackElo "2202"]

1. c4 e6 2. Nc3 d5 3. d4 a6 4. cxd5 exd5 5. Qb3 Bd6 6. Qxd5 Nf6 7. Qb3 c5
8. dxc5 Bxc5 9. Nf3 Nc6 10. Bg5 Be6 11. Bxf6 gxf6 12. Qc2 Nb4 13. Qb1 Qa5
14. a3 Nd5 15. b4 Nxc3 16. bxa5 Nxb1 17. Rxb1 Bxa3 18. g3 Bd5 19. Bg2 O-O-O
20. O-O Kb8 21. e3 Ka7 22. Rb6 Bc5 23. Rxf6 Bb4 24. Nd4 Bxa5 25. Bxd5 Rxd5
26. Rxf7 Bb6 27. Rb1 Rd6 28. Kg2 h5 29. Nf5 Rc6 30. Ne7 Rc5 31. e4 Rb8 32.
Nd5 Bd8 33. Rd7 Rc4 34. e5 a5 35. e6 Rd4 36. f4 a4 37. f5 a3 38. Ra1 Rd2+
39. Kf3 a2 40. f6 Rc8 41. e7 Bb6 42. Nxb6 1-0

[Event "23rd ch-EUR Indiv w 2023"]
[Site "Petrovac MNE"]
[Date "2023.11.11"]
[Round "11.27"]
[White "Klek, Hanna Marie"]
[Black "Richterova, Natasa"]
[Result "1-0"]
[WhiteElo "2314"]
[BlackElo "2190"]

1. e4 e5 2. Nf3 Nc6 3. Bb5 Nf6 4. Nc3 Bc5 5. d3 h6 6. h3 d6 7. Be3 Bb6 8.
Qd2 Bd7 9. a3 Qe7 10. Bxb6 axb6 11. Qe3 Nb4 12. Bxd7+ Qxd7 13. O-O-O Nc6
14. d4 exd4 15. Nxd4 Nxd4 16. Rxd4 O-O-O 17. Qg3 Qe6 18. Rhd1 g6 19. Kb1 h5
20. Qd3 h4 21. Nb5 Nd7 22. Qc3 Nc5 23. b4 Qe8 24. Qc4 Rh5 25. a4 Re5 26. f3
Kb8 27. bxc5 Rxc5 28. Qb3 Rg5 29. R1d2 Qe7 30. Nc3 Rc8 31. Nd5 Qe8 32. Rb4
Qd7 33. Rb5 Qe6 34. Nxc7 Qxb3+ 35. cxb3 Rc5 36. Rxc5 dxc5 37. Nb5 c4 38.
bxc4 Rxc4 39. Rd8+ 1-0

[Event "23rd ch-EUR Indiv w 2023"]
[Site "Petrovac MNE"]
[Date "2023.11.11"]
[Round "11.28"]
[White "Zimina, Olga"]
[Black "Froewis, Annika"]
[Result "1-0"]
[WhiteElo "2295"]
[BlackElo "2123"]

1. Nf3 Nf6 2. g3 d5 3. Bg2 e6 4. O-O Be7 5. d3 O-O 6. Nbd2 a5 7. c3 a4 8.
Qc2 b5 9. e4 c5 10. d4 Nc6 11. exd5 Nxd5 12. dxc5 Bxc5 13. Ne4 Be7 14. Neg5
g6 15. h4 Ra7 16. h5 h6 17. Nxf7 Rxf7 18. Bxh6 Bf8 19. Qxg6+ Kh8 20. Bg5
Qe8 21. Rfe1 Nce7 22. Qe4 Ra6 23. g4 a3 24. b3 Rh7 25. Rad1 Qf7 26. c4 bxc4
27. bxc4 Nb4 28. Rd8 Nbc6 29. Ne5 1-0

[Event "23rd ch-EUR Indiv w 2023"]
[Site "Petrovac MNE"]
[Date "2023.11.11"]
[Round "11.29"]
[White "Krasteva, Beloslava"]
[Black "Koridze, Lile"]
[Result "0-1"]
[WhiteElo "2292"]
[BlackElo "2122"]

1. d4 Nf6 2. Bg5 d5 3. Bxf6 exf6 4. e3 c6 5. Bd3 g6 6. Nd2 Bg7 7. Ngf3 f5
8. c4 dxc4 9. Nxc4 O-O 10. O-O Be6 11. Rc1 Nd7 12. b4 Nb6 13. Na5 Qe7 14.
Qc2 Nd5 15. a3 Rfd8 16. Rfe1 f4 17. e4 Nb6 18. Qc5 Qd7 19. d5 Na4 20. Qc2
cxd5 21. e5 Rac8 22. Qd2 d4 23. Be4 Rxc1 24. Rxc1 Nc3 25. Bxb7 Qc7 26. Nc6
Rd7 27. Nfxd4 Bxe5 28. Rxc3 Bxd4 29. Ne7+ Rxe7 30. Rxc7 Rxc7 31. h3 Be5 32.
Be4 Kg7 33. b5 Rc3 34. a4 Ra3 35. Bd5 f3 36. g3 Bxh3 37. Bxf3 Rxf3 38. Qe2
Rf5 39. g4 Rg5 40. f3 h5 41. Qe3 Bf6 42. Qxa7 hxg4 43. f4 Rd5 44. Qb7 Rd2
45. f5 g3 0-1

[Event "23rd ch-EUR Indiv w 2023"]
[Site "Petrovac MNE"]
[Date "2023.11.11"]
[Round "11.30"]
[White "Koljevic, Nikolina"]
[Black "Zhapova, Yana"]
[Result "1/2-1/2"]
[WhiteElo "2042"]
[BlackElo "2269"]

1. e4 c6 2. d4 d5 3. e5 Bf5 4. h4 h5 5. c4 e6 6. Nc3 dxc4 7. Bxc4 Nd7 8.
Nf3 Bg4 9. Be2 Nh6 10. Qb3 Qb6 11. Qxb6 Nxb6 12. Ng1 Bxe2 13. Ngxe2 Nf5 14.
Bg5 Be7 15. O-O-O O-O-O 16. Bxe7 Nxe7 1/2-1/2

[Event "23rd ch-EUR Indiv w 2023"]
[Site "Petrovac MNE"]
[Date "2023.11.11"]
[Round "11.31"]
[White "Mamedjarova, Turkan"]
[Black "Zawadzka, Jolanta"]
[Result "1/2-1/2"]
[WhiteElo "2229"]
[BlackElo "2391"]

1. d4 d5 2. c4 e6 3. Nc3 Nf6 4. Bg5 dxc4 5. e3 c5 6. Bxc4 cxd4 7. exd4 Be7
8. Nf3 Nc6 9. O-O O-O 10. a3 h6 11. Bf4 a6 12. b4 b5 13. Bb3 Bd6 14. Qd2
Bb7 15. h3 Ne7 16. Ne5 Qb6 17. Rfe1 Rad8 18. Rad1 Ned5 19. Nxd5 Bxd5 20.
Bc2 Qb7 21. Bxh6 Ne4 22. Bxe4 Bxe4 23. Qe2 Bh7 24. Be3 Bb8 25. Rc1 Rd6 26.
Nd3 Bxd3 27. Qxd3 Rfd8 28. Qc3 Ba7 29. Red1 Bb6 30. Rd2 Qd7 31. Rcd1 Rd5
32. f4 Rc8 33. Qd3 Rc4 34. Qe4 Qd6 35. Bf2 a5 36. bxa5 Bxa5 37. Rd3 Bc3 38.
Rf3 g6 39. Kh1 Kg7 40. f5 exf5 41. Qe8 Bxd4 42. Rfd3 Qf6 43. Bxd4 Rcxd4 44.
Rxd4 Rxd4 45. Rxd4 Qxd4 46. Qxb5 Qa1+ 47. Kh2 Qxa3 48. Qe5+ Kh7 49. Qf6 Qa7
50. h4 Qc7+ 51. g3 Qd7 52. Qe5 Qe6 53. Qb8 Kg7 54. Qb2+ Qf6 55. Qb8 Qd4 56.
Kg2 Qe4+ 57. Kh2 Qe7 58. Qb2+ f6 59. Qb5 Kh6 60. Qd3 Qc7 61. Qe3+ Kg7 62.
Qd2 Qc6 63. Qd3 Kf7 64. Qb3+ Qe6 65. Qb7+ Qe7 66. Qb3+ Kg7 67. Qf3 Qe4 68.
Qc3 Qe2+ 69. Kh3 Qe6 70. Kh2 Kh6 71. Qd2+ g5 72. hxg5+ fxg5 73. Qb2 Kg6 74.
Qc2 Qe3 75. Qb2 Qe4 76. Qd2 Kh5 77. Qd1+ Qg4 78. Qc2 Qf3 79. Qb2 Qa8 80.
Qe2+ g4 81. Qb2 Qe8 82. Qa2 Qe7 83. Qb2 Kg6 84. Qd2 Qe5 85. Qc2 Qe4 86. Qa2
Kf6 87. Qd2 Ke5 88. Qa5+ Kd4 89. Qb6+ Kc3 90. Qc5+ Kd2 91. Qa5+ Kc1 92.
Qa3+ Kd1 93. Qa1+ Ke2 94. Qb2+ Ke3 95. Qc1+ Kd3 96. Qa3+ Kd2 97. Qa5+ Kd3
98. Qa3+ Kd4 99. Qb4+ Kd3 100. Qa3+ Kc2 101. Qa2+ Kc1 102. Qa3+ Kd1 103.
Qa1+ Kd2 104. Qa5+ Kd1 105. Qa1+ Kd2 1/2-1/2

[Event "23rd ch-EUR Indiv w 2023"]
[Site "Petrovac MNE"]
[Date "2023.11.11"]
[Round "11.32"]
[White "Gajcin, Marina"]
[Black "Lazarne Vajda, Szidonia"]
[Result "1/2-1/2"]
[WhiteElo "2215"]
[BlackElo "2294"]

1. e4 e5 2. Nf3 Nc6 3. Bc4 Bc5 4. d3 Nf6 5. O-O O-O 6. a4 a6 7. h3 d6 8. c3
Ba7 9. Be3 Bxe3 10. fxe3 d5 11. exd5 Nxd5 12. Qe2 Be6 13. Nbd2 f6 14. d4
exd4 15. exd4 Bf7 16. Nh4 Nde7 17. Bxf7+ Rxf7 18. Rae1 1/2-1/2

[Event "23rd ch-EUR Indiv w 2023"]
[Site "Petrovac MNE"]
[Date "2023.11.11"]
[Round "11.33"]
[White "Lach, Aleksandra"]
[Black "Urh, Zala"]
[Result "1/2-1/2"]
[WhiteElo "2170"]
[BlackElo "2294"]

1. e4 c6 2. Nc3 d5 3. Nf3 dxe4 4. Nxe4 Nf6 5. Qe2 Nxe4 6. Qxe4 Nd7 7. Bc4
Nf6 8. Ne5 e6 9. Qe2 b5 10. Bb3 Qc7 11. d4 Bd6 12. Bg5 Bb7 13. O-O a6 14.
Rfe1 Nd5 15. Bxd5 cxd5 16. Qg4 h5 17. Qh3 Bc8 18. Bf4 Qe7 19. Qg3 Bxe5 20.
Rxe5 f6 21. Re2 g5 22. Bd6 Qd7 23. Rae1 Kf7 24. h3 h4 25. Qa3 Qc6 26. f4
gxf4 27. Bxf4 Bd7 28. Rf2 Rag8 29. Ref1 Rg6 30. Bg5 f5 31. Qe7+ Kg8 32. Bf4
Rh7 33. Qd8+ Kf7 34. Be5 Qc8 35. Qb6 Qc6 36. Qd8 Qc8 37. Qb6 Qc6 38. Qd8
1/2-1/2

[Event "23rd ch-EUR Indiv w 2023"]
[Site "Petrovac MNE"]
[Date "2023.11.11"]
[Round "11.34"]
[White "Zherebtsova, Alexandra"]
[Black "Hrebenshchykova, Yelyzaveta"]
[Result "0-1"]
[WhiteElo "2155"]
[BlackElo "2289"]

1. d4 Nf6 2. c4 e6 3. Nc3 Bb4 4. Qc2 d5 5. a3 Bxc3+ 6. Qxc3 O-O 7. Nf3 dxc4
8. Qxc4 b6 9. Bg5 Ba6 10. Qc2 Bb7 11. e3 Nbd7 12. Be2 c5 13. Rd1 cxd4 14.
Rxd4 Rc8 15. Qd1 Qe7 16. O-O e5 17. Rc4 h6 18. Rxc8 Rxc8 19. Bh4 Qe6 20.
Re1 Nd5 21. Bg3 f5 22. Bd3 N5f6 23. Bc2 Bxf3 24. gxf3 Kh8 25. h4 g6 26. Bb1
Qc6 27. Qe2 Kg7 28. Rd1 Re8 29. Qc2 Qxf3 30. h5 Qxh5 31. Rd6 f4 32. Bh2
Qg4+ 33. Kf1 fxe3 34. fxe3 e4 35. Qc7 Qf3+ 36. Kg1 Qxe3+ 37. Kg2 Qf3+ 38.
Kg1 Qg4+ 39. Kh1 e3 0-1

[Event "23rd ch-EUR Indiv w 2023"]
[Site "Petrovac MNE"]
[Date "2023.11.11"]
[Round "11.35"]
[White "Gaboyan, Susanna"]
[Black "Antolak, Julia"]
[Result "1/2-1/2"]
[WhiteElo "2160"]
[BlackElo "2276"]

1. Nf3 c5 2. g3 Nc6 3. Bg2 g6 4. O-O Bg7 5. d3 e6 6. e4 Nge7 7. Re1 O-O 8.
a4 d5 9. e5 Qc7 10. Bf4 Rb8 11. Qd2 b5 12. axb5 Rxb5 13. b3 Rd8 14. Nc3 Rb4
15. Na4 c4 16. bxc4 dxc4 17. d4 c3 18. Nxc3 Nxd4 19. Nxd4 Rdxd4 20. Qxd4
Rxd4 21. Nb5 Qb6 22. Nxd4 Nd5 23. Nc6 Bf8 24. c4 Nxf4 25. gxf4 Bd7 26. Nxa7
Bc5 27. Red1 Qb2 28. Kh1 Be8 29. Nc8 Bd7 30. Nd6 Bd4 31. c5 Qxf2 32. Ra8+
Kg7 33. c6 Bxc6 34. Bxc6 Qxf4 35. Nc4 Bxe5 36. Nxe5 Qxe5 37. Bg2 f5 38.
Ra7+ Kh6 39. h3 Qe2 40. Rdd7 Qe1+ 41. Kh2 Qe5+ 42. Kh1 Qe1+ 43. Kh2 Qe5+
1/2-1/2

[Event "23rd ch-EUR Indiv w 2023"]
[Site "Petrovac MNE"]
[Date "2023.11.11"]
[Round "11.36"]
[White "Radeva, Viktoria"]
[Black "Ivekovic, Tihana"]
[Result "1-0"]
[WhiteElo "2247"]
[BlackElo "2132"]

1. e4 e6 2. d4 d5 3. e5 c5 4. c3 Ne7 5. Nf3 Nec6 6. Bd3 b6 7. h4 h6 8. h5
Be7 9. Rh3 cxd4 10. cxd4 Nb4 11. Be2 Ba6 12. a3 Bxe2 13. Kxe2 N4c6 14. Rg3
Bf8 15. Nc3 Nd7 16. Kf1 Rc8 17. Bf4 a6 18. a4 Nb4 19. Rc1 Nb8 20. Kg1 N8c6
21. Ne2 Qd7 22. Ne1 Na2 23. Ra1 Nab4 24. Nd3 Nxd3 25. Rxd3 Nb4 26. Rc3 Be7
27. Rg3 Bf8 28. Rc1 Kd8 29. Bd2 Nc6 30. Qb3 Kc7 31. Qd3 Kb7 32. b4 Nxb4 33.
Bxb4 Bxb4 34. Rxc8 Rxc8 35. Rxg7 Bf8 36. Rh7 Qxa4 37. Rxf7+ Rc7 38. Rxf8
1-0

[Event "23rd ch-EUR Indiv w 2023"]
[Site "Petrovac MNE"]
[Date "2023.11.11"]
[Round "11.37"]
[White "Olde, Margareth"]
[Black "Paasikangas, Johanna"]
[Result "1-0"]
[WhiteElo "2234"]
[BlackElo "2115"]

1. d4 Nf6 2. c4 g6 3. Nc3 Bg7 4. e4 d6 5. h3 O-O 6. Be3 e5 7. d5 Na6 8. g4
Nc5 9. f3 a5 10. Nge2 Bd7 11. Ng3 Ne8 12. Qd2 a4 13. h4 f5 14. gxf5 gxf5
15. Bg5 Bf6 16. Bh3 f4 17. Bxd7 Qxd7 18. Nf5 Ng7 19. Nh6+ Kh8 20. O-O-O Nh5
21. Rh2 Bg7 22. Ng4 Qf7 23. Bh6 Bxh6 24. Nxh6 Qf6 25. Ng4 Qe7 26. Kb1 Rg8
27. Rg2 Rg6 28. Rdg1 Rf8 29. Qc2 Qd7 30. Qf2 Qe8 31. Nh2 Rfg8 32. Rxg6 Rxg6
33. Rg4 Ng3 34. Qg2 Rxg4 35. Nxg4 Qd7 36. Kc2 Qg7 37. Qh3 Qd7 38. h5 Qf7
39. Qh4 Nxh5 40. Nh6 Qe8 41. Nb5 Ng7 42. Nxc7 Qf8 43. Qg5 Nd7 44. Nb5 Ne8
45. Qd8 Qxh6 46. Qxe8+ Nf8 47. Qd8 Kg8 48. Qxd6 Qg5 49. Kc3 Qg3 50. Kb4
Qxf3 51. Qxe5 Qg4 52. Nd6 f3 53. Nf5 1-0

[Event "23rd ch-EUR Indiv w 2023"]
[Site "Petrovac MNE"]
[Date "2023.11.11"]
[Round "11.39"]
[White "Vidic, Teja"]
[Black "Garcia Martin, Marta"]
[Result "0-1"]
[WhiteElo "2097"]
[BlackElo "2306"]

1. e4 c5 2. Nf3 Nc6 3. d4 cxd4 4. Nxd4 Nf6 5. Nc3 d6 6. Bg5 Bd7 7. Qd2 a6
8. O-O-O e6 9. f4 Be7 10. Nf3 b5 11. Bxf6 gxf6 12. Bd3 Qb6 13. f5 O-O-O 14.
Kb1 Ne5 15. Rhf1 Kb8 16. Ne2 Bc8 17. Nf4 d5 18. exd5 Nxf3 19. Rxf3 e5 20.
Re1 Bc5 21. Nh5 Rxd5 22. Qh6 Rd6 23. Ng3 Rd4 24. Ne4 Be7 25. Qg7 Rf8 26.
Qxh7 Qa5 27. Rfe3 Bb7 28. Qh5 Bd5 29. b3 Ba3 30. Qh4 Bxe4 31. Bxe4 Rfd8 32.
Qg4 Qd2 33. Bf3 Rxg4 34. Bxg4 Qd4 0-1

[Event "23rd ch-EUR Indiv w 2023"]
[Site "Petrovac MNE"]
[Date "2023.11.11"]
[Round "11.40"]
[White "Shpanko, Nadiia"]
[Black "Abdinova, Narmin"]
[Result "1/2-1/2"]
[WhiteElo "2164"]
[BlackElo "2090"]

1. Nf3 d5 2. e3 c5 3. b3 Nc6 4. Bb2 Nf6 5. Bb5 Bd7 6. O-O e6 7. d3 Bd6 8.
Bxc6 Bxc6 9. Ne5 O-O 10. f4 Qe7 11. Nd2 Nd7 12. Nxc6 bxc6 13. e4 f6 14. Qe2
Bc7 15. g3 Rab8 16. Kg2 Ba5 17. Nf3 Rfe8 18. c3 g6 19. Rae1 e5 20. fxe5
fxe5 21. Rf2 Bc7 22. Ref1 c4 23. bxc4 Bb6 24. d4 exd4 25. cxd4 dxe4 26. Ng1
e3 27. Rf3 Qe4 28. c5 Ba5 29. Bc1 Qxd4 30. Rxe3 Rxe3 31. Bxe3 Qe4+ 32. Qf3
Rb2+ 33. Rf2 1/2-1/2

[Event "23rd ch-EUR Indiv w 2023"]
[Site "Petrovac MNE"]
[Date "2023.11.11"]
[Round "11.41"]
[White "Mayrhuber, Nikola"]
[Black "Valkova, Angelika"]
[Result "1-0"]
[WhiteElo "2162"]
[BlackElo "2055"]

1. d4 d5 2. c4 e6 3. Nc3 Nf6 4. cxd5 exd5 5. Bg5 c6 6. e3 Be7 7. Bd3 O-O 8.
Nge2 Re8 9. O-O a5 10. f3 Nbd7 11. Qc2 b5 12. Kh1 Ba6 13. Bh4 Nf8 14. Bf2
Qb8 15. Ng3 g6 16. e4 b4 17. Na4 Bxd3 18. Qxd3 dxe4 19. fxe4 Qb5 20. Qc2
Ng4 21. Bg1 Bg5 22. Rf3 Ne6 23. Raf1 Bh4 24. Ne2 Qh5 25. h3 Bg5 26. Nb6
Rad8 27. Qxc6 Re7 28. Nd5 Red7 29. Nef4 Nxf4 30. Nxf4 Qh4 31. e5 Re7 32.
Qb6 Rc8 33. Qxa5 b3 34. Nd5 Rb7 35. Nb6 Rcb8 36. Nc4 bxa2 37. Qxa2 Nh6 38.
Nd6 Rxb2 39. Qd5 Rd8 40. Rxf7 Nxf7 41. Qxf7+ Kh8 42. Ne8 Bh6 43. Qf8+ Bxf8
44. Rxf8# 1-0

[Event "23rd ch-EUR Indiv w 2023"]
[Site "Petrovac MNE"]
[Date "2023.11.11"]
[Round "11.42"]
[White "Hrescak, Ivana"]
[Black "Ter-Avetisjana, Agnesa Stepania"]
[Result "1-0"]
[WhiteElo "2127"]
[BlackElo "1974"]

1. e4 c6 2. d4 d5 3. e5 c5 4. dxc5 e6 5. a3 Bxc5 6. Qg4 g6 7. Nf3 Nc6 8.
Bd3 Qc7 9. Qf4 f6 10. exf6 e5 11. Qg5 Be6 12. b4 Bd6 13. b5 Nd8 14. O-O e4
15. Re1 Nf7 16. Qh4 O-O-O 17. b6 axb6 18. Nd4 Bd7 19. Bb5 Be5 20. Bb2 Bxf6
21. Bxd7+ Qxd7 22. Qg3 Nd6 23. Nd2 Nf5 24. Qc3+ Kb8 25. Qb4 Qd6 26. Qa4
Nxd4 27. Bxd4 Bxd4 28. Qxd4 Ne7 29. Rab1 Kc7 30. Re3 Nc8 31. c4 Kb8 32.
cxd5 Qxd5 33. Qxd5 Rxd5 34. Nxe4 Rhd8 35. f3 Rd3 36. Rb3 Rxb3 37. Rxb3 Ka7
38. Kf2 Ka6 39. g4 Nd6 40. Nf6 h6 41. h4 Nc4 42. Ne4 Nd2 43. Nxd2 Rxd2+ 44.
Kg3 Ka5 45. Re3 Rd6 46. f4 Ka4 47. f5 gxf5 48. gxf5 b5 49. Kf4 b4 50. axb4
Kxb4 51. Ke5 Rd8 52. f6 1-0

[Event "23rd ch-EUR Indiv w 2023"]
[Site "Petrovac MNE"]
[Date "2023.11.11"]
[Round "11.43"]
[White "Dylag, Emilia"]
[Black "Spalir, Monika"]
[Result "1-0"]
[WhiteElo "2052"]
[BlackElo "2125"]

1. d4 d5 2. c4 c6 3. Nf3 Nf6 4. g3 Bf5 5. Nc3 e6 6. Nh4 dxc4 7. Nxf5 exf5
8. Bg2 Nbd7 9. O-O Nb6 10. Re1 Be7 11. Bh3 g6 12. Bh6 Ng4 13. Bf4 h5 14. f3
Nf6 15. e4 fxe4 16. fxe4 Ng4 17. Bg2 Bg5 18. h3 Bxf4 19. gxf4 Nh6 20. a4
Qf6 21. a5 Nc8 22. a6 Rb8 23. axb7 Ne7 24. d5 cxd5 25. exd5 Qb6+ 26. Kh1
Ng4 27. Qe2 Rxb7 28. d6 Rd7 29. dxe7 Nf2+ 30. Kh2 Nd3 31. Nd5 Qd4 32. Qe3
Rxd5 33. Qxd4 Rxd4 34. Bc6+ Rd7 35. Bxd7+ 1-0

[Event "23rd ch-EUR Indiv w 2023"]
[Site "Petrovac MNE"]
[Date "2023.11.11"]
[Round "11.44"]
[White "Lomaia, Diana"]
[Black "Allahverdiyeva, Ayan"]
[Result "1/2-1/2"]
[WhiteElo "1950"]
[BlackElo "2124"]

1. d4 Nf6 2. c4 e6 3. Nc3 Bb4 4. Nf3 b6 5. Qb3 c5 6. dxc5 bxc5 7. g3 a5 8.
Bg2 a4 9. Qc2 Bxc3+ 10. Qxc3 O-O 11. O-O d6 12. Rd1 Qc7 13. Bf4 Ra6 14. Qc2
e5 15. Bd2 Nc6 16. Bc3 Nd4 17. Bxd4 cxd4 18. Rac1 Qc5 19. Ng5 g6 20. Ne4
Nxe4 21. Bxe4 Be6 22. Bd5 Bxd5 23. cxd5 Qxd5 24. e3 Qxa2 25. Ra1 Qe6 26.
exd4 Rfa8 27. Re1 Qf6 28. dxe5 dxe5 29. Qc3 Re8 30. Re4 Rc6 31. Qe3 Rc2 32.
Rexa4 Rxb2 33. Ra8 Rb1+ 34. Rxb1 Rxa8 35. Qc5 Kg7 36. Re1 Re8 37. Qd5 Re6
38. Qe4 h5 39. h4 Qd8 40. Qe3 Qd4 41. Kg2 Qb4 42. Rc1 Qb2 43. Qc3 Qb7+ 44.
Kh2 Qd5 45. Re1 Kh7 46. Kg1 Kg7 47. Qe3 Qa2 48. Re2 Qa1+ 49. Kg2 Qa8+ 50.
Qe4 Qa6 51. Rb2 Qd6 52. Re2 Kh7 53. Re1 Qc5 54. Qe3 Qa5 55. Re2 Qb5 56. Re1
Qb4 57. Qe4 Qe7 58. Qd5 Qc7 59. Qe4 Qc5 60. Qe3 Qa5 61. Qe4 Qa7 62. Qe3 Qe7
63. Qe4 Rf6 64. Re2 Rf5 65. Qd3 Qf6 66. Qe4 Kg7 67. Qe3 Qc6+ 68. Qe4 Qd6
69. Qe3 Kh7 70. Qe4 Qc5 71. Qe3 Qe7 72. Qe4 Rf6 73. Rb2 Re6 74. Rb7 Qf6 75.
Qf3 Kg7 76. Qxf6+ Kxf6 77. Kf3 Re7 78. Rb5 Kf5 79. Ra5 f6 80. Ra8 Re6 81.
Ra5 Rb6 82. Rc5 g5 83. hxg5 fxg5 84. Rc8 e4+ 85. Kg2 Rb5 86. Rh8 e3 87.
Rf8+ Ke4 88. fxe3 Rb2+ 89. Kg1 Rc2 90. Rf7 Kxe3 91. Rf5 g4 92. Rxh5 Kf3 93.
Ra5 Kxg3 94. Ra3+ Kh4 95. Rb3 1/2-1/2

[Event "23rd ch-EUR Indiv w 2023"]
[Site "Petrovac MNE"]
[Date "2023.11.11"]
[Round "11.45"]
[White "Petrova, Irina"]
[Black "Skvortsova, Alena"]
[Result "1/2-1/2"]
[WhiteElo "2123"]
[BlackElo "2032"]

1. e4 c5 2. Nf3 e6 3. g3 Nc6 4. Bg2 Nf6 5. d3 d5 6. e5 Nd7 7. Qe2 Qc7 8.
Bf4 Be7 9. O-O h6 10. h4 g5 11. hxg5 hxg5 12. Nxg5 Ndxe5 13. Nc3 f6 14. Nf3
a6 15. Rfe1 Bd6 16. Nxe5 fxe5 17. Bg5 Qg7 18. Qd2 Bd7 19. Na4 Rh5 20. Nb6
Qxg5 21. Qxg5 Rxg5 22. Nxa8 Nd4 23. Rac1 Bc6 24. c4 b5 25. Nb6 bxc4 26.
dxc4 e4 27. b3 Bc7 28. Na4 Bxa4 29. bxa4 Ba5 30. Re3 Bd2 31. Rce1 Bxe1 32.
Rxe1 Kd7 33. Rb1 Nf3+ 34. Bxf3 exf3 35. Rb3 Rg4 36. cxd5 exd5 37. Rxf3 Rxa4
38. a3 d4 39. Kf1 c4 40. Ke2 d3+ 41. Kd2 Rxa3 42. Rf4 Ra2+ 43. Kd1 Rc2 44.
g4 Ke6 45. g5 Ke5 46. g6 c3 47. Rc4 Rxf2 48. Rxc3 Kd4 49. Rc6 a5 50. Rd6+
Kc3 51. Rc6+ Kb4 52. Rb6+ Kc5 53. Ra6 Kb5 54. Rd6 Kc4 55. Rc6+ Kd5 56. Ra6
Rg2 1/2-1/2

[Event "23rd ch-EUR Indiv w 2023"]
[Site "Petrovac MNE"]
[Date "2023.11.11"]
[Round "11.46"]
[White "Hajiyeva, Laman"]
[Black "Donghvani, Nia"]
[Result "1-0"]
[WhiteElo "2118"]
[BlackElo "2025"]

1. e4 c5 2. Nf3 Nc6 3. Bb5 e5 4. O-O Bd6 5. c3 Bc7 6. d4 exd4 7. Bg5 Nge7
8. cxd4 cxd4 9. Nxd4 f6 10. Be3 O-O 11. Nc3 f5 12. Bg5 fxe4 13. Nxe4 Qe8
14. Nf3 Qg6 15. Bd3 Qf7 16. Bh4 Nf5 17. Neg5 Qh5 18. Bc4+ Kh8 19. Bg3 Nxg3
20. fxg3 d5 21. Qxd5 Bg4 22. Nf7+ Kg8 23. N3g5 Bb6+ 24. Kh1 h6 25. Nd8+ 1-0

[Event "23rd ch-EUR Indiv w 2023"]
[Site "Petrovac MNE"]
[Date "2023.11.11"]
[Round "11.47"]
[White "Walter, Ema"]
[Black "Dwilewicz, Katarzyna"]
[Result "0-1"]
[WhiteElo "2048"]
[BlackElo "2114"]

1. e4 c5 2. Nf3 e6 3. b3 b6 4. Bb2 Bb7 5. Nc3 Nc6 6. d4 cxd4 7. Nxd4 Nf6 8.
Nxc6 dxc6 9. Bd3 Bd6 10. Qe2 e5 11. Nd1 Nd7 12. Ne3 g6 13. O-O O-O 14. Ng4
h5 15. Ne3 Qe7 16. g3 Nc5 17. Rad1 Rad8 18. Ng2 Bc8 19. Nh4 Bh3 20. Rfe1
Ne6 21. Bc4 b5 22. Bxe6 Bxe6 23. Ng2 Bb4 24. Rxd8 Rxd8 25. Rd1 f6 26. Ne3
Bc5 27. Kg2 Kf7 28. Qf3 Kg7 29. Qe2 a6 30. Rd3 Rxd3 31. Qxd3 Qd6 32. Qxd6
Bxd6 33. Kf1 Kf7 34. Ke2 f5 35. f3 f4 36. Nd1 g5 37. Nf2 g4 38. Nd3 gxf3+
39. Kxf3 Bg4+ 40. Kf2 fxg3+ 41. Kxg3 Kf6 42. Nf2 Be2 43. Kh4 Be7 44. Kg3
Ke6 45. Nd3 Bd1 46. Nxe5 Bd6 47. Kf4 Bxc2 48. b4 h4 49. Bc3 Bb1 50. a3 Bc2
51. Bb2 Bd1 52. Bc3 c5 53. bxc5 Bxc5 54. Bb4 Bg1 55. Ng4 Bxg4 56. Kxg4 Bxh2
57. Kxh4 Ke5 58. Kg5 Kxe4 59. Kf6 Kd5 60. Ke7 Bg1 61. Kd7 Bc5 62. Ba5 Bxa3
63. Kc7 b4 64. Kb6 b3 65. Bc3 Kc4 66. Bf6 Bc5+ 67. Kxa6 Bd4 0-1

[Event "23rd ch-EUR Indiv w 2023"]
[Site "Petrovac MNE"]
[Date "2023.11.11"]
[Round "11.48"]
[White "Makropoulou, Marina"]
[Black "Shuqja, Klean"]
[Result "1/2-1/2"]
[WhiteElo "2102"]
[BlackElo "1884"]

1. e4 d5 2. exd5 Qxd5 3. Nc3 Qd8 4. d4 Nf6 5. Nf3 Bg4 6. h3 Bxf3 7. Qxf3 c6
8. Be3 e6 9. Bd3 Qa5 10. O-O Be7 11. a3 Qc7 12. Rfe1 Nbd7 13. Rad1 O-O 14.
Ne4 Nxe4 15. Qxe4 g6 16. c4 Rfe8 17. Qf3 Bf6 18. b4 Bg7 19. h4 a5 20. h5
axb4 21. axb4 Ra4 22. Rb1 Qd6 23. hxg6 hxg6 24. c5 Qe7 25. Qd1 Raa8 26. b5
Nf6 27. bxc6 bxc6 28. Rb6 Nd5 29. Rxc6 Qb7 30. Rd6 Bf8 31. Rxd5 Qxd5 32.
Qg4 Rab8 33. Be4 Qh5 34. Qxh5 gxh5 35. g3 Bg7 36. Kg2 Rb4 37. Rd1 Rd8 38.
c6 Rc4 1/2-1/2

[Event "23rd ch-EUR Indiv w 2023"]
[Site "Petrovac MNE"]
[Date "2023.11.11"]
[Round "11.49"]
[White "Tsotsonava, Elene"]
[Black "Pogorelskikh, Sofia"]
[Result "0-1"]
[WhiteElo "2030"]
[BlackElo "2102"]

1. e4 c5 2. Nf3 Nc6 3. Bb5 g6 4. O-O Bg7 5. Re1 e5 6. Bxc6 dxc6 7. d3 Qe7
8. Bd2 Nf6 9. a3 O-O 10. Bc3 Nh5 11. b4 Rd8 12. Nbd2 cxb4 13. axb4 f6 14.
Qb1 Be6 15. Qb2 Bf7 16. g3 Qd7 17. d4 exd4 18. Bxd4 b6 19. Ra3 Rac8 20. Rd3
Qg4 21. Kh1 c5 22. bxc5 bxc5 23. Bc3 Rxd3 24. cxd3 Qd7 25. Ra1 Ra8 26. Ra5
Qxd3 27. Rxc5 Qd7 28. Rb5 Rc8 29. Rb7 Qc6 30. Bd4 a5 31. Ra7 a4 32. Qb4 Ra8
33. Qc5 Qxc5 34. Rxa8+ Qf8 35. Rxf8+ Kxf8 36. Ne1 Ke8 37. Nd3 f5 38. e5 Bf8
39. Nc5 Bd5+ 40. Kg1 a3 41. Kf1 Ng7 42. Ke2 Ne6 43. Nxe6 Bxe6 44. Kd3 a2
45. Kc2 Bc5 46. Bc3 Bxf2 47. Kb2 Bd5 48. Nb3 Bg1 49. h3 Bh2 50. Be1 Bxb3
0-1